00571nam a2200205Ia 450000500170000000800410001704000190005804100120007708200170008910000210010624500630012726000390019030000120022944000420024150400220028363000110030565000110031665100280032785000100035520230701094050.0131103s9999 xx 000 0 und d aLoreto College aEnglish a301.431bHAR aHarris,Thomas A. aCounseling the serviceman and his familycThomas A. Harris aPhiladelphiabFortress Pressc1966 a144 p.  aSuccessful Pastoral Counseling Series a2nd printing 1970 aFamily aFamily aCulture and Institution aLCLIB